| 000 | 00660nam a22002177a 4500 | ||
|---|---|---|---|
| 005 | 20010101024528.0 | ||
| 008 | 010101b xxu||||| |||| 00| 0 eng d | ||
| 020 |
_a9788183163392 _c700 |
||
| 040 | _aLoreto College | ||
| 041 | _aEnglish | ||
| 082 |
_a371.102 _bSST-DAS |
||
| 100 | _aDash,B.N. | ||
| 245 |
_aMethods of Teaching Social Studies _cB.N.Dash,Dr.I.V.Radhakrishna Murthy |
||
| 260 |
_aHyderabad _bNeelkamal Publishers _c2012 |
||
| 300 |
_axi,319p. _b22cm |
||
| 504 | _aIncludes bibliographical references and indexes. | ||
| 650 |
_aSocial Studies _vTeaching Methods |
||
| 700 |
_4Auth _aMurthy,I.V.Radhakrishna |
||
| 850 | _aLCBED | ||
| 942 | _cBK | ||
| 999 |
_c40104 _d90583 |
||